Panorama económico: El Salvador

Analiza la economía del país mediante cuatro apartados: a- comportamiento de la economía, b- política económica, c- modelo económico y d- reflexiones finales. SM/EL

Uloženo v:
Podrobná bibliografie
Médium: Text
Témata:
Tagy: Přidat tag
Žádné tagy, Buďte první, kdo vytvoří štítek k tomuto záznamu!

MARC

LEADER 00000 a a2200000 04500
001 1934
003
040
245 |a Panorama económico:   |b El Salvador  
520 |a Analiza la economía del país mediante cuatro apartados: a- comportamiento de la economía, b- política económica, c- modelo económico y d- reflexiones finales. SM/EL  
650 |a CONDICIONES ECONOMICAS  
650 |a INFLACION  
650 |a SALARIOS  
650 |a DEUDA EXTERNA  
650 |a DESEMPLEO  
650 |a MODELOS ECONOMICOS  
650 |a PODER DE COMPRA  
650 |a ACTIVIDADES ECONOMICAS  
650 |a TASA DE INTERES  
650 |a RECURSOS FINANCIEROS  
773 |g número 28; páginas 3-13  
999 |c 29637  |d 29637